Science Quiz

Random Science Quiz

Unilateral leg oedema - causes Quiz Stats

 Plays Quiz not verified by Sporcle

Support Sporcle.
Go Orange.
Score 0/5 Timer 10:00
0 Plays Today
Hint Answer % Correct
DVT
80%
Lymphoedema
80%
Trauma
60%
Soft-tissue infection
20%
Immobility
20%

You're not logged in!

Compare scores with friends on all Sporcle quizzes.
OR
Log In

From the Vault

Adjectives in #1 Songs

by JoeBeta

It's time to unpack your adjectives.
Remove Ads.
Support Sporcle.
Get the best of Sporcle when you Go Orange. This ad-free experience offers more features, more stats, and more fun while also helping to support Sporcle. Thank you for becoming a member.

Show Comments

Extras

Created Sep 12, 2013ReportNominate
Tags:cause, leg

Top Quizzes Today


Score Distribution

Your Account Isn't Verified!

In order to create a playlist on Sporcle, you need to verify the email address you used during registration. Go to your Sporcle Settings to finish the process.

Report this User

Report this user for behavior that violates our Community Guidelines.

Details: